000 01772nam a2200349 c 4500
003 BLK
005 20180420220109.0
008 180413b bul|||||r ||||||| ||bul||
010 _aKNG00029204000
020 _a954-642-068-9
_bиздат.: Унив. изд. Св. Климент Охридски
040 _aBLK
041 _aHOL
_cDRU
_hBUL
080 _aЛексикология. Езикови речници и разговорници. Лексикография
_b81`374
_x=112.5=163.2
_z81`374=112.5=163.2
080 _aЛексикология. Езикови речници и разговорници. Лексикография
_b81`374
_x=163.2=112.5
_z81`374=163.2=112.5
100 1 _aОкхайзен-Петкова, Соня
_eпърви автор
_9104593
139 _aОкхайзен-Петкова, Соня
_bО 47
245 1 0 _aНидерландско-български речник
_bБългарско-нидерландски речник = Niderlands-bulgaars woordenboek ; Bulgaars-niderlands woordenboek
_cСоня Окхайзен-Петкова.
257 _aBGR
260 София
_bУнив. изд. Св. Климент Охридски
_c1999
300 _a295 с.
_c21 см
380 _a80
500 _aДеп. списък: депозит сп.39
650 4 _aНидерландски език - речници
_9268851
650 4 _aБългарски език - речници, българско-холандски
_9268852
653 _aнидерландско-български речници
653 _aбългаро-нидерландски речници
852 _aЦб 201986
856 4 _qpdf
_u
856 4 _qpdf
_u
942 _cKNG
_n0
944 _aCR
_c15.01.2003
_kТеодора_Стоянова
944 _aED
_c09.06.2004
_k
999 _c26650
_d26650